| 000 | 00805nam a2200229 i 4500 | ||
|---|---|---|---|
| 001 | bg | ||
| 245 | 0 | 0 |
_aOchrona przed powodzią / _c[Eryk Bobiński et al. ; red. Kazimierz Mosiej, Andrzej Ciepielowski] ; Instytut Melioracji i Użytków Zielonych. |
| 260 |
_aFalenty : _bIMUZ, _c1992. |
||
| 300 |
_a262 s. : _brys., wykr. ; _c24 cm. |
||
| 504 | _aBibliogr. | ||
| 650 | 9 |
_aPowódź _xzapobieganie |
|
| 650 | 9 |
_aHydrotechnika _xwpływ na środowisko |
|
| 700 | 1 | _aBOBIŃSKI, Eryk | |
| 700 | 1 |
_aMOSIEJ, Kazimierz. _eRed. |
|
| 700 | 1 |
_aCIEPIELOWSKI, Andrzej. _eRed. |
|
| 040 | _cBPK | ||
| 041 | 0 | _apl | |
| 080 | _a556.166:627.4/.5 | ||
| 942 | _cKS | ||
| 008 | s pl f |000 0 pol | ||
| 999 |
_c40495 _d40495 |
||
| 856 |
_uhttp://koha.tu.koszalin.pl/cgi-bin/koha/opac-detail.pl?biblionumber=40495 _yKatalog online BPK |
||